000 00681nam a2200289Ia 4500
005 20260324125534.0
008 008 260324s9999 xx 000 0 eng d
020 _a9781315663623
037 _aEBOOK
040 _aCRL
040 _beng
040 _cCRL
041 _2eng
041 _aeng
084 _qCRL
100 _aGary Andres; Paul Hernnson
_91178352
245 0 _aLobbying Reconsidered
245 0 _bPolitics Under the Influence
260 _bTaylor and Francis
260 _c2009
365 _a
365 _b300
856 _uhttp://www.taylorfrancis.com/books/9781315663623
942 _cEBOOK
999 _c1773732
_d1773732